00395pab a2200133 454500008004000000100002300040245008500063260000900148300001400157362000800171650003200179650002400211773002600235180718b2008 xxu||||| |||| 00| 0 eng d aSahu, Gagan Bihari aSupply analysis of institutional credit to agriculture for major states in India c2008 ap.325-40. aAug aAgricultural credit - India aAgricultural credit aAsian Economic Review